[Event "Ïåðâåíñòâî Ìîñêâû"]
[Site "ÐœÐ¾Ñ�ÐºÐ²Ð°, ÐœÐ“Ð˜ÐœÐž Ð¿Ñ€."]
[Date "2018.11.25"]
[Round "9.20"]
[White "Dorofeev, Fedor"]
[Black "Zaitsev, Yuriy"]
[Result "1/2-1/2"]
[WhiteElo "1511"]
[BlackElo "1544"]
[PlyCount "142"]
[EventDate "2018.11.18"]

1. e4 e6 2. d4 d5 3. exd5 exd5 4. Bd3 c5 5. c3 Nc6 6. Nf3 Bd6 7. Be3 cxd4 8.
Nxd4 Nxd4 9. Bxd4 Nf6 10. O-O O-O 11. h3 Ne4 12. Bxe4 dxe4 13. Nd2 Qh4 14. f3
Bxh3 15. Nxe4 Bxg2 16. Nxd6 Qg3 17. Ne4 Qg6 18. Kf2 Bxf1 19. Qxf1 f6 20. Qg1
Qf5 21. Re1 b6 22. Nd6 Qd5 23. Re7 g6 24. Qh2 h5 25. Qf4 g5 26. Qf5 Qxf5 27.
Nxf5 Rae8 28. Nh6+ Kh8 29. Bxf6+ Rxf6 30. Rxe8+ Kg7 31. Ng8 Rd6 32. Re5 Kxg8
33. Rxg5+ Kf7 34. Rxh5 Rd2+ 35. Ke3 Rxb2 36. Rh7+ Ke6 37. Rxa7 Rc2 38. Kd3 Rf2
39. Ra6 Rxf3+ 40. Kc4 Ke5 41. Rxb6 Rf4+ 42. Kb3 Kd5 43. a4 Rf1 44. Rb5+ Kc6 45.
c4 Rb1+ 46. Kc2 Ra1 47. a5 Ra4 48. Kb3 Ra1 49. Rh5 Rb1+ 50. Ka3 Kd6 51. Rb5
Ra1+ 52. Kb2 Ra4 53. Kc3 Kc6 54. Kd4 Ra3 55. Rb6+ Kc7 56. Ra6 Kb7 57. Rb6+ Kc7
58. Rb5 Kc6 59. Rh5 Kd6 60. Rh6+ Kc7 61. a6 Ra1 62. Kc5 Ra5+ 63. Kb4 Ra1 64. c5
Rb1+ 65. Ka3 Ra1+ 66. Kb3 Rb1+ 67. Ka2 Rb5 68. Rh7+ Kb8 69. a7+ Ka8 70. c6 Rc5
71. c7 Rxc7 1/2-1/2

[Event "Ïåðâåíñòâî Ìîñêâû"]
[Site "ÐœÐ¾Ñ�ÐºÐ²Ð°, ÐœÐ“Ð˜ÐœÐž Ð¿Ñ€."]
[Date "2018.11.25"]
[Round "9.21"]
[White "Solozhenkin, Sevastyan"]
[Black "Fedorov, Georgy"]
[Result "1-0"]
[WhiteElo "1533"]
[BlackElo "1313"]
[PlyCount "71"]
[EventDate "2018.11.18"]

1. e4 e6 2. d4 d5 3. exd5 exd5 4. Bd3 Nc6 5. Nf3 Bg4 6. c3 Bd6 7. O-O Nge7 8.
Be3 Qd7 9. Nbd2 O-O-O 10. b4 Rde8 11. Nb3 b6 12. a4 Ng6 13. a5 Bxf3 14. Qxf3
Kb8 15. Bf5 Qd8 16. axb6 cxb6 17. g3 Nge7 18. Bh3 Ref8 19. b5 Na5 20. Nxa5 bxa5
21. Ra2 Qc7 22. Bd2 h5 23. Rfa1 h4 24. Bg2 f5 25. Rxa5 f4 26. g4 Nc8 27. Qxd5
f3 28. Bxf3 Bxh2+ 29. Kh1 Nb6 30. Qe4 Qf7 31. Kxh2 Qxf3 32. Qe5+ Kc8 33. Qc5+
Kb8 34. Be3 Qxg4 35. Qd6+ Kc8 36. Rxa7 1-0

[Event "Ïåðâåíñòâî Ìîñêâû"]
[Site "ÐœÐ¾Ñ�ÐºÐ²Ð°, ÐœÐ“Ð˜ÐœÐž Ð¿Ñ€."]
[Date "2018.11.25"]
[Round "9.22"]
[White "Kozlov, Kirill"]
[Black "Listov, Tikhon"]
[Result "1-0"]
[WhiteElo "1559"]
[BlackElo "1243"]
[PlyCount "71"]
[EventDate "2018.11.18"]

1. d4 Nf6 2. c4 g6 3. Nf3 Bg7 4. g3 d6 5. Bg2 Nbd7 6. O-O O-O 7. Nc3 c5 8. d5
Ng4 9. e4 Nde5 10. Nxe5 Nxe5 11. Qe2 Bg4 12. f3 Bc8 13. h3 Qa5 14. f4 Nd7 15.
Bd2 Bd4+ 16. Kh2 Qb4 17. Nd1 Qb6 18. Bc3 Bxc3 19. Nxc3 Qb4 20. Nd1 Nb6 21. Ne3
a5 22. Qc2 Na4 23. a3 Qxb2 24. Qxa4 Qc3 25. Rfe1 h5 26. Qc2 Qf6 27. Rf1 h4 28.
gxh4 Qxh4 29. Qf2 Qf6 30. Qg3 Qg7 31. f5 Re8 32. fxg6 fxg6 33. Ng4 Bxg4 34.
Qxg4 Qe5+ 35. Qg3 Qg7 36. Ra2 1-0

[Event "Ïåðâåíñòâî Ìîñêâû"]
[Site "ÐœÐ¾Ñ�ÐºÐ²Ð°, ÐœÐ“Ð˜ÐœÐž Ð¿Ñ€."]
[Date "2018.11.25"]
[Round "9.23"]
[White "Schipitsin, Mikhail"]
[Black "Korshunov, Sergey A"]
[Result "0-1"]
[WhiteElo "1332"]
[BlackElo "1229"]
[PlyCount "20"]
[EventDate "2018.11.18"]

1. d4 Nf6 2. Bf4 e6 3. e3 c5 4. c3 d5 5. Nf3 Nc6 6. Be2 Bd7 7. h3 Qb6 8. Qb3 c4
9. Qxb6 axb6 10. Rg1 b5 {çàïèñü íå ÿñíà} 0-1

[Event "Ïåðâåíñòâî Ìîñêâû"]
[Site "ÐœÐ¾Ñ�ÐºÐ²Ð°, ÐœÐ“Ð˜ÐœÐž Ð¿Ñ€."]
[Date "2018.11.25"]
[Round "9.24"]
[White "Davidyan, Vladimir"]
[Black "Denisov, Mikhail"]
[Result "0-1"]
[WhiteElo "1309"]
[BlackElo "1394"]
[PlyCount "48"]
[EventDate "2018.11.18"]

1. e4 e5 2. Nf3 Nc6 3. Bc4 Be7 4. d3 Nf6 5. Qe2 O-O 6. c3 Na5 7. Bb5 a6 8. Ba4
b5 9. Bc2 Nc6 10. Nbd2 Re8 11. Nf1 d5 12. Ng3 d4 13. O-O h6 14. Rd1 Bf8 15. Nh4
a5 16. Ngf5 Ne7 17. Nxe7+ Qxe7 18. cxd4 exd4 19. h3 c5 20. f4 Qc7 21. Qf2 Bb7
22. a4 b4 23. Bb3 Ba6 24. e5 Nd7 {çàïèñü íå ÿñíà} 0-1